00543nam a2200181 a 45000010010000000030011000100080041000210350026000620820014000881000021001022450028001232600056001516500017002079420012002249520090002369980020003269990015003460000-9355ELIB.Books110520 1983  a(ELIB.Books)0000-9507 a232 bMey aMeyer, Marvin W. aWho do people say i am? bGrand Rapids: Wm. B. Eerdmans Publishing Co. c1983 aJesus Christ 2ddccBK 00102ddc4070aKBTSbKBTSd2011-05-20l0p9474r2022-01-22 00:00:00w2022-01-22yBK cbate2011-05-20 c9355d9355